Statystyki dla Jak dobrze znasz Lay's?

Kliknij tutaj aby rozwiązać quiz!

Ogólne statystyki

  • Ten quiz został rozwiązany 705 razy
  • Średni wynik to 7 z 19

Statystyki odpowiedzi

Nr.RodzajOpakowanieSmak% Poprawnych
3.ClassicCzerwonePaprykowe
96%
2.ClassicŻółteSolone
94%
1.ClassicZieloneZielona Cebulka
92%
4.ClassicNiebieskieFromage
85%
6.MAXXCzerwonePaprykowe
62%
16.StixCzerwoneKetchup
45%
17.StrongCzerwoneChilli z Limonką
35%
15.KarbowaneŻółteSolone
32%
13.KarbowanePomarańczowePaprykowe
27%
14.KarbowaneJasnozieloneZielona Cebulka
27%
5.ClassicJasnozieloneOstra Papryka
22%
7.MAXXNiebieskieSer Cebula
21%
11.Oven BakedNiebieskieSolone
19%
8.MAXXŻółteSalsa
16%
10.Oven BakedCzerwonyGrillowana Papryka
8%
9.Oven BakedJasnozielonyJogurt z Ziołami
8%
18.StrongCiemnopomarańczowySer z Jalapeno
8%
19.StrongNiebieskieOstre Pepperoni
7%
12.Oven BakedPomarańczoweSuszony Pomidor
5%

Rozkład punktacji

Percentyl według liczby udzielonych odpowiedzi

Procent ludzi z każdym wynikiem

Twoja historia wyników

Nie rozwiązałeś tego quizu